Archeology and the Bible (Record no. 2213)

MARC details
000 -LEADER
fixed length control field 00722cam a2200253 4500
001 - CONTROL NUMBER
control field 3190498
003 - CONTROL NUMBER IDENTIFIER
control field GBCCL
005 - DATE AND TIME OF LATEST TRANSACTION
control field 20241126110423.0
008 - FIXED-LENGTH DATA ELEMENTS--GENERAL INFORMATION
fixed length control field 710520s1968 at 000 0 eng
010 ## -
-- 76558596
015 ## -
-- Aus68-4157
040 ## - CATALOGING SOURCE
Original cataloging agency DLC
Transcribing agency DLC
Modifying agency DLC
050 00 -
-- BS635
-- .K46B6
082 00 - DEWEY DECIMAL CLASSIFICATION NUMBER
Classification number 220.93
Edition information 20
Item number LEW
100 1# - MAIN ENTRY--PERSONAL NAME
Personal name Lewis, Jack P.
9 (RLIN) 4540
245 10 - TITLE STATEMENT
Title Archeology and the Bible
260 ## - PUBLICATION, DISTRIBUTION, ETC.
Place of publication, distribution, etc. Texas,
Name of publisher, distributor, etc. Biblical research press,
Date of publication, distribution, etc. 1975
300 ## - PHYSICAL DESCRIPTION
Extent 95 p.
Dimensions 21 cm.
500 ## - GENERAL NOTE
General note Cover title.
630 #0 - SUBJECT ADDED ENTRY--UNIFORM TITLE
Uniform title Bible
General subdivision Criticism, interpretation, etc.
9 (RLIN) 144
710 2# - ADDED ENTRY--CORPORATE NAME
Corporate name or jurisdiction name as entry element Rationalist Association of New South Wales.
9 (RLIN) 4541
906 ## - LOCAL DATA ELEMENT F, LDF (RLIN)
a 7
b cbc
c orignew
d 4
e ncip
f 19
g y-gencatlg
942 ## - ADDED ENTRY ELEMENTS (KOHA)
Source of classification or shelving scheme Dewey Decimal Classification
Koha item type Books
Holdings
Withdrawn status Lost status Source of classification or shelving scheme Damaged status Not for loan Home library Current Library Shelving location Date acquired Total checkouts Full call number Barcode Date last seen Copy number Price effective from Koha item type
    Dewey Decimal Classification     GRACE BIBLE COLLEGE GRACE BIBLE COLLEGE Biblical Studies 2017-07-14   220.93 LEW 007177 2025-05-01 c.1 2017-07-14 Books
© Grace Bible College Library 2025